Testing times ahead for FM (Record no. 80521)

MARC details
000 -LEADER
fixed length control field 00809cab a22002175a 4500
001 - CONTROL NUMBER
control field L144569
008 - FIXED-LENGTH DATA ELEMENTS--GENERAL INFORMATION
fixed length control field 080729e2008 xxk f 000 0 eng d
035 ## - SYSTEM CONTROL NUMBER
System control number (Sirsi) u144569
041 0# - LANGUAGE CODE
Language code of text/sound track or separate title eng
100 1# - MAIN ENTRY--PERSONAL NAME
Personal name Cant, Malcolm
245 00 - TITLE STATEMENT
Title Testing times ahead for FM
260 ## - PUBLICATION, DISTRIBUTION, ETC.
Date of publication, distribution, etc. 2008
490 #0 - SERIES STATEMENT
Series statement Premises and Facilities Management
Volume/sequential designation July 2008, 12(1)
520 ## - SUMMARY, ETC.
Summary, etc. A Facilities Management Faculty briefing, this article considers the pressing issues facing the facilities management sector as it faces a period of austerity. Lists predictions for facilities management in the next ten years.
590 ## - LOCAL NOTE (RLIN)
Local note KA
651 #4 - SUBJECT ADDED ENTRY--GEOGRAPHIC NAME
Geographic name International
690 ## - LOCAL SUBJECT ADDED ENTRY--TOPICAL TERM (OCLC, RLIN)
Topical term or geographic name as entry element ABOUT RICS-RICS FACULTIES-RICS FACILITIES MANAGEMENT FACULTY
690 ## - LOCAL SUBJECT ADDED ENTRY--TOPICAL TERM (OCLC, RLIN)
Topical term or geographic name as entry element MANAGEMENT-FACILITIES MANAGEMENT
700 1# - ADDED ENTRY--PERSONAL NAME
Personal name Jeynes, Lucy
942 ## - ADDED ENTRY ELEMENTS (KOHA)
Suppress in OPAC 0
Holdings
Withdrawn status Lost status Source of classification or shelving scheme Damaged status Not for loan Home library Current library Shelving location Date acquired Total Checkouts Full call number Barcode Date last seen Copy number Price effective from Koha item type
    Dewey Decimal Classification     London London Journal article 29/07/2008   L144569 144569-1001 06/08/2019 1 06/08/2019 Journal article